|
|
|
|
| LEADER |
00000nab a2200000 a 4500 |
| 001 |
vtls008961511 |
| 003 |
SK-MaSNL |
| 005 |
20260303070702.0 |
| 008 |
070207 1977 xo 000 0 slo |
| 015 |
|
|
|a SNBRB1977
|
| 040 |
|
|
|a SNKBUCL
|b slo
|c SNKBUCL
|e AACR2
|
| 041 |
0 |
|
|a slo
|
| 044 |
|
|
|a xo
|c SK
|
| 080 |
|
|
|a 749
|2 2001
|
| 080 |
|
|
|a 628.94
|2 2001
|
| 100 |
1 |
|
|a Kučera, O.
|4 aut
|9 932652
|
| 245 |
1 |
0 |
|a Urobme si svietnik
|b návody
|c O. Kučera
|
| 650 |
0 |
7 |
|a svietniky
|x výroba
|2 snkbucl
|9 1068427
|
| 655 |
|
7 |
|a návody
|2 snkbucl
|9 297748
|
| 773 |
0 |
|
|t Matičné čítanie
|g Roč. 10, č. 1 (1977), s. 9
|
| 999 |
|
|
|c 1756511
|d 1758441
|